000 00521 a2200181 4500
999 _c166
_d166
020 _a071560824X
050 _aB188
_bHUS 1972
100 _aHussey, Edward
_eauthor
245 _aThe Pre-Socratics :
_bclassical life and letters /
_cEdward Hussey
264 _aLondon :
_bDuckworth,
_c1972
300 _a168 pages
336 _2rdacontent
_atext
_btxt
337 _2rdamedia
_aunmediated
_bn
338 _2rdacarrier
_avolume
_bnc
500 _aIncludes index
650 _aPhilosophy, Ancient
942 _2lcc
_cBK
_h188
_iHUS
_kB